| 000 | 01206cam a22001814a 4500 | ||
|---|---|---|---|
| 005 | 20250605164355.0 | ||
| 008 | 250528s ||||||||||||||||||||||||d | ||
| 035 | _a24283 | ||
| 040 |
_aGR-AtMCL _bgre _dGR-AtMCL _eAACR2 |
||
| 245 | 1 | _aMW EE - RF Microwave / Test and Measurement Wireless Infrastructure | |
| 260 |
_bEuropean Business Press Sa, _c2020 |
||
| 300 | _a26 | ||
| 520 | _a5G as a Tool in the Fight Against Future Pandemics, Radar Allows Heavy Lifting Drones to Navigate Complex Environments, 5G Test Center for Connected and Autonomous Driving Opens in Spain, Test and Measurement: 5G's Far-Reaching Ambitions Set Complex and Long-Term Challenges, Wireless Infrastructure: Choosing the Right Low Power Wireless Protocols, Wireless Infrastructure: 4G and 5G: A Star Crossed Marriage for the Future Connectivity, Microwave Pulse Method Reduces Error Rate in Quantum Computers, Wireless Infrastructure: 5G Striving for Sustainable Growth Amid High Expectations, Integrated Passive Components Simplify Signal Conditioning in Package that is 20% the Size, VNA Covers 70 kHz to 220 GHz Phased Array Antenna. | ||
| 700 | 1 |
_aJoosting Jean-Pierre _99443 |
|
| 942 | _cCR | ||
| 999 |
_c9173 _d9173 |
||